000 00196 a2200097 4500
001 482
100 _aObert,EF
245 _aElements of Thermodynamics
260 _a
_bMicGraw
_c
090 _c98
_d98
942 _aNUST-CAE
_cM
_c36710
999 _c235555
_d235555